书目信息 |
| 题名: |
陶瓷喷嘴及其冲蚀磨损
|
|
| 作者: | 邓建新 , 丁泽良 著 | |
| 分册: | ||
| 出版信息: | 北京 科学出版社 2009 |
|
| 页数: | 209页 | |
| 开本: | 24cm | |
| 丛书名: | ||
| 单 册: | ||
| 中图分类: | TQ174.75 | |
| 科图分类: | ||
| 主题词: | 陶瓷--喷嘴--浸蚀磨损 , 陶瓷 , 喷嘴 , 浸蚀磨损 | |
| 电子资源: | ||
| ISBN: | 978-7-03-023655-5 | |
| 000 | 00962nam0 2200265 45 | |
| 005 | 20100303145406.40 | |
| 010 | @a978-7-03-023655-5@dCNY45.00 | |
| 100 | @a20100120d2009 ekmy0chiy0120 ea | |
| 101 | 0 | @achi |
| 102 | @aCN@b110000 | |
| 105 | @aa z 000yy | |
| 106 | @ar | |
| 200 | 1 | @a陶瓷喷嘴及其冲蚀磨损@ATao Ci Pen Zui Ji Qi Chong Shi Mo Sun@f邓建新,丁泽良等著@FDeng Jian Xin, Ding Ze Liang Deng Zhu |
| 210 | @a北京@c科学出版社@d2009 | |
| 215 | @a209页@c图@d24cm | |
| 330 | @a本书着重论述了陶瓷喷嘴的制备方法、陶瓷喷嘴的结构形式、陶瓷喷嘴力学性能和微观结构、陶瓷喷嘴冲蚀磨损试验方法、陶瓷喷嘴的冲蚀磨损机理、梯度功能陶瓷喷嘴及其冲蚀磨损、陶瓷水煤浆喷嘴及其冲蚀磨损等。 | |
| 606 | 0 | @a陶瓷@x喷嘴@x浸蚀磨损 |
| 606 | 0 | @a陶瓷 |
| 606 | 0 | @a喷嘴 |
| 606 | 0 | @a浸蚀磨损 |
| 690 | @aTQ174.75@v4 | |
| 701 | 0 | @a邓建新@ADeng Jian Xin@4著 |
| 701 | 0 | @a丁泽良@ADing Ze Liang@4著 |
| 801 | 0 | @aCN@bTANGWEI@c20100303 |
| 905 | @b0584306-10@dTQ174.75@e30@f5 | |
| 陶瓷喷嘴及其冲蚀磨损/邓建新,丁泽良等著.-北京:科学出版社,2009 |
| 209页:图;24cm |
| ISBN 978-7-03-023655-5:CNY45.00 |
| 本书着重论述了陶瓷喷嘴的制备方法、陶瓷喷嘴的结构形式、陶瓷喷嘴力学性能和微观结构、陶瓷喷嘴冲蚀磨损试验方法、陶瓷喷嘴的冲蚀磨损机理、梯度功能陶瓷喷嘴及其冲蚀磨损、陶瓷水煤浆喷嘴及其冲蚀磨损等。 |
| ● |
| 相关链接 |
|
|
|
|
正题名:陶瓷喷嘴及其冲蚀磨损
索取号:TQ174.75/30
 
预约/预借
| 序号 | 登录号 | 条形码 | 馆藏地/架位号 | 状态 | 备注 |
| 1 | 0584306 | 205843060 | 第二样本阅览室/ [索取号:TQ174.75/30] | 在馆 | |
| 2 | 0584307 | 205843079 | 化学系资料室/ [索取号:TQ174.75/30] | 在馆 | |
| 3 | 0584308 | 205843088 | 第三借阅区/ [索取号:TQ174.75/30] | 在馆 | |
| 4 | 0584309 | 205843097 | 第三借阅区/ [索取号:TQ174.75/30] | 在馆 | |
| 5 | 0584310 | 205843104 | 第三借阅区/ [索取号:TQ174.75/30] | 在馆 |